| 000 | 00526nam a22001937a 4500 | ||
|---|---|---|---|
| 003 | OSt | ||
| 005 | 20140310182351.0 | ||
| 008 | 130930t xxu||||| |||| 00| 0 eng d | ||
| 020 | _a9780310926108 | ||
| 050 |
_aBS 551.2 _b.B417 1989 |
||
| 082 |
_aGS 220.52 _bH38 1989 |
||
| 245 |
_aThe beginners bible : _b timeless children's stories. / |
||
| 260 |
_aU.S.A : _bZondervan, _cc1989. |
||
| 300 |
_a525 p. : _bill, ; _c20 cm. |
||
| 541 | _j1 | ||
| 562 | _e1 | ||
| 650 |
_aBible history. _922169 |
||
| 942 |
_2lcc _cBK-GS |
||
| 999 |
_c12362 _d12362 |
||